书目信息 |
| 题名: |
区间概念格及其应用
|
|
| 作者: | 张春英 , 刘保相 , 王立亚 著 | |
| 分册: | ||
| 出版信息: | 北京 科学出版社 2017.5 |
|
| 页数: | 204页 | |
| 开本: | 24cm | |
| 丛书名: | ||
| 单 册: | ||
| 中图分类: | O153.1 | |
| 科图分类: | ||
| 主题词: | 区间--qu jian--概念--格--研究 | |
| 电子资源: | ||
| ISBN: | 978-7-03-052572-7 | |
| 000 | 00994nam0 2200277 450 | |
| 001 | 0400001555 | |
| 005 | 20171018164830.0 | |
| 010 | @a978-7-03-052572-7@dCNY59.00 | |
| 100 | @a20170612d2017 em y0chiy50 ea | |
| 101 | 0 | @achi |
| 102 | @aCN@b110000 | |
| 105 | @aak a 000yy | |
| 106 | @ar | |
| 200 | 1 | @a区间概念格及其应用@Aqu jian gai nian ge ji qi ying yong@f张春英, 刘保相, 王立亚著 |
| 210 | @a北京@c科学出版社@d2017.5 | |
| 215 | @a204页@c图@d24cm | |
| 320 | @a有书目 (第199-204页) | |
| 330 | @a本书在详细分析概念格的最新研究进展的同时,提出了一种新的概念格结构——区间概念格,详细讨论了区间概念格的结构与性质、构造算法、维护原理、压缩方法、动态合并、参数优化、规则提取及其在多个领域的应用方法。 | |
| 606 | 0 | @a区间@Aqu jian@x概念@x格@x研究 |
| 690 | @aO153.1@v5 | |
| 701 | 0 | @a张春英@Azhang chun ying@4著 |
| 701 | 0 | @a刘保相@Aliu bao xiang@4著 |
| 701 | 0 | @a王立亚@Awang li ya@4著 |
| 801 | 0 | @aCN@bNMU@c20171018 |
| 905 | @b1021189-93@dO153.1@f5@e57 | |
| 920 | @a215010@z1 | |
| 区间概念格及其应用/张春英, 刘保相, 王立亚著.-北京:科学出版社,2017.5 |
| 204页:图;24cm |
| ISBN 978-7-03-052572-7:CNY59.00 |
| 本书在详细分析概念格的最新研究进展的同时,提出了一种新的概念格结构——区间概念格,详细讨论了区间概念格的结构与性质、构造算法、维护原理、压缩方法、动态合并、参数优化、规则提取及其在多个领域的应用方法。 |
| ● |
| 相关链接 |
|
|
|
|
正题名:区间概念格及其应用
索取号:O153.1/57
 
预约/预借
| 序号 | 登录号 | 条形码 | 馆藏地/架位号 | 状态 | 备注 |
| 1 | 1021189 | 210211894 | 第二样本阅览室/ [索取号:O153.1/57] | 在馆 | |
| 2 | 1021190 | 210211901 | 密集书库-数信学院/ [索取号:O153.1/57] | 在馆 | |
| 3 | 1021191 | 210211910 | 第三借阅区/ [索取号:O153.1/57] | 在馆 | |
| 4 | 1021192 | 210211929 | 第三借阅区/ [索取号:O153.1/57] | 在馆 | |
| 5 | 1021193 | 210211938 | 第三借阅区/ [索取号:O153.1/57] | 在馆 |